000 00384nam a2200145 4500
001 120348
003 ES-MaACL
005 20230906191528.0
007 t|
008 070214s1970 sp r ||||1| spa d
245 0 0 _aPoesías escogidas de la lengua castellana.
260 _aMadrid :
_bPérez del Hoyo,
_c1970.
300 _a192 p. ;
_c19 cm.
852 _aES-MaACL
_jC-40539
_bR.73620
999 _c120348
_d120348